Bratrství, zpečetěné krví sborník článků a dokumentů československého vojska na sovětsko-německé frontě

Bibliographic Details
Format: Book
Language:Czech
Russian
PhysicalDescription:45 s. 17 cm
Published: Moskva Vydavatelství cizojazyčné literatury 1944
Subjects:

MARC

LEADER 00000cam a2200000 a 4500
001 vtls009000283
003 SK-MaSNL
005 20260301101505.0
008 250313s1944 ru 000 0 cze
015 |a SNBA1944 
035 |a urn:nbn:sk:snk-am00d3ms 
035 |a urn:nbn:sk:snk-am3hkjy 
035 |a F1850F25-7E0C-4B35-B32C-99CB0AFEDC53 
040 |a SNK  |b slo  |c SNK  |e AACR2 
041 1 |a cze  |h rus 
044 |a ru  |c RU 
080 |a 355.483(1-071-11)"1939/1945"  |2 2001 
245 0 0 |a Bratrství, zpečetěné krví  |b sborník článků a dokumentů československého vojska na sovětsko-německé frontě 
260 |a Moskva  |b Vydavatelství cizojazyčné literatury  |c 1944 
300 |a 45 s.  |c 17 cm 
650 0 7 |a východný front (1939-1945)  |2 SNKPH  |9 170487 
650 0 7 |a druhá svetová vojna (1939-1945)  |2 SNKPH  |9 169657 
651 7 |a Sovietsky zväz  |2 SNKPH  |9 22126 
655 7 |a zborníky  |2 SNKPH  |9 70165 
852 |a Slovenská národná knižnica 
958 |a OND 
999 |c 689428  |d 691358 
952 |a SNK  |b SNK  |y VYP  |7 0  |p 17A0553633  |o snkSD 5121/5 D1  |i snkD 1637/71  |8 1  |3 rekatalogizácia  |0 0  |1 0  |4 0  |d 2007-06-19  |l 0  |r 2026-02-23 20:23:12  |w 2026-02-23 
952 |a SNK  |b SNK  |y PREZ  |7 0  |p 17A0907942  |o snkSD 5121/5  |i snk51/45  |0 0  |1 0  |4 0  |d 2018-07-06  |f 1  |l 0  |r 2025-11-12 00:00:00  |w 2026-02-23